000 00270nam a2200109Ia 4500
008 220204s9999 xx 000 0 und d
082 _aNR:62(038)
_bHEI
100 _aHeinisch, K F
245 0 _aDictionary of rubber
260 _aNew York
_bJohn Wiley
_c1974
942 _cREF
999 _c26809
_d26809